000 00952nam a22002657a 4500
003 OSt
005 20240412074308.0
007 ta
008 210310b 2020 dr a 00| 0 eng d spa
020 _a9789945220529
040 _aDO-SdBNP
_bspa
_cBNPHU
082 4 _222
_aRD861.5
_bR466f
100 1 _aReynoso, Antonio,
_d1952-
_978049
245 1 3 _aLa fiesta de Sofía Flores /
_cAntonio Reynoso ; ilustraciones: Marcel Yoshira de la Cruz Encarnación ; prólogo: Pedro Ramírez Martínez.
260 _aSanto Domingo :
_bBúho,
_c2020.
300 _a124 p. :
_bil. ;
_c22 cm.
500 _aIncluye datos biográficos del autor en las solapas.
590 _aInventariado, 2021 /LP
650 4 _966
_aPoesía dominicana
650 0 _aLiteratura dominicana.
_967
700 1 _aCruz Encarnación, Yoshira de la,
_eil.
_978050
700 1 _aRamírez Martínez, Pedro,
_epról.
_978051
910 _aValidado. Control de calidad/ MAA
942 _2ddc
_cLBS1
999 _c49523
_d49523